Cómo hablar del pecado hoy: hacia una moral crítica del pecado

Spremljeno u:
Bibliografski detalji
Glavni autor: Vidal García, Marciano (Autor)
Format: Knjiga
Jezik:španjolski
Izdano: Madrid Promoción Popular Cristiana 1977
Izdanje:2a. ed
Serija:Colección Teología y Acción Pastoral, 7
Teme:
Oznake: Dodaj oznaku
Bez oznaka, Budi prvi tko označuje ovaj zapis!

MARC

LEADER 00000nam a2200000 a 4500
001 UCL2227
003 CL-VaPUC
008 031017e19770000SP |||||||||||||||||spa|d
020 |a 8428802998 
082 0 4 |a 241.3  |b VID  |2 21 
100 |a Vidal García, Marciano  |e author  |9 600968 
245 1 0 |a Cómo hablar del pecado hoy: hacia una moral crítica del pecado 
250 |a 2a. ed 
300 |a 251 p 
942 |c BK 
945 |d 20031017 00:00:00  |a vberengu 
260 |a Madrid  |b Promoción Popular Cristiana  |c 1977 
650 0 |a Teología moral   |9 256617 
650 0 |a Pecado  |9 314980 
583 |a last modification  |c 20031017 00:00:00  |k Rodrigo Vera 
490 0 |a Colección Teología y Acción Pastoral, 7 
999 |c 305579  |d 305577 
952 |0 0  |1 0  |4 0  |6 241_300000000000000_VID_1977  |7 0  |8 A  |9 369686  |a BIBTEO  |b BIBTEO  |d 2019-11-21  |i 2080680  |o 241.3 VID 1977  |p 2080680  |r 2025-01-17  |w 2019-11-21  |y BK  |k ICR